[Event "IECC TH-M email"]
[Site "IECC email"]
[Date "1999.07.15"]
[Round "?"]
[White "Ostrovskij, Jori"]
[Black "Behr, Robert D"]
[Result "1/2-1/2"]
[WhiteElo "1247"]
[BlackElo "1070"]
[PlyCount "77"]
[EventDate "1999.??.??"]
[EventType "match (corr)"]
[EventRounds "2"]
[SourceTitle "Corr 2008"]
[Source "ChessBase"]
[SourceDate "2008.06.24"]
[SourceVersion "1"]
[SourceVersionDate "2008.06.24"]
[SourceQuality "1"]

1. d4 d5 2. Nf3 Nf6 3. e3 g6 4. c4 Bg7 5. Nc3 c6 6. Bd3 0-0 7. 0-0 Bg4 8. h3 Bf5 9. Bxf5 gxf5 10. Ne5 Nbd7 11. f4 Nb6 12. c5 Nbd7 13. Qe1 Ne4 14. Rf3 Ndf6 15. Qh4 e6 16. Rb1 Rb8 17. Nxe4 Nxe4 18. Qe1 f6 19. Nd3 Qe8 20. Nf2 b6 21. Nxe4 fxe4 22. Rg3 bxc5 23. dxc5 e5 24. f5 Qh5 25. Qf1 Rb5 26. Bd2 a5 27. b4 axb4 28. Rxb4 Rxb4 29. Bxb4 Ra8 30. a3 Kh8 31. Rg4 Bh6 32. Qf2 Ra7 33. Kf1 Bg5 34. Qg3 Rg7 35. Bc3 Bh6 36. Bxe5 fxe5 37. Qxe5 Qf7 38. Ke2 Qf8 39. a4 1/2-1/2

[Event "IECC Swiss email"]
[Site "IECC email"]
[Date "1998.11.27"]
[Round "4"]
[White "Ostrovskij, Jori"]
[Black "Barnes, Tim E"]
[Result "1-0"]
[WhiteElo "1270"]
[BlackElo "1003"]
[PlyCount "47"]
[EventDate "1998.??.??"]
[EventType "tourn (corr)"]
[EventRounds "6"]
[SourceTitle "Corr 2008"]
[Source "ChessBase"]
[SourceDate "2008.06.24"]
[SourceVersion "1"]
[SourceVersionDate "2008.06.24"]
[SourceQuality "1"]

1. e4 c6 2. d4 d5 3. exd5 cxd5 4. c4 Nf6 5. Nc3 Nc6 6. Be3 Bf5 7. Nf3 e6 8. Rc1 Bb4 9. a3 Bxc3+ 10. bxc3 0-0 11. Bg5 h6 12. Bh4 g5 13. Bg3 h5 14. Nxg5 Ng4 15. Nf3 Qf6 16. h3 Nh6 17. Qd2 Be4 18. Be2 dxc4 19. Ne5 Rad8 20. Bxh5 Bxg2 21. Rg1 Nxe5 22. Bxe5 Qh4 23. Rxg2+ Kh7 24. Rg7+ 1-0

[Event "IECC Swiss email"]
[Site "IECC email"]
[Date "1998.11.27"]
[Round "3"]
[White "Ostrovskij, Jori"]
[Black "Ezzat, Alaa"]
[Result "0-1"]
[WhiteElo "1276"]
[BlackElo "1320"]
[PlyCount "26"]
[EventDate "1998.??.??"]
[EventType "tourn (corr)"]
[EventRounds "6"]
[SourceTitle "Corr 2008"]
[Source "ChessBase"]
[SourceDate "2008.06.24"]
[SourceVersion "1"]
[SourceVersionDate "2008.06.24"]
[SourceQuality "1"]

1. e4 e5 2. Nf3 Nc6 3. Bc4 Nf6 4. Nc3 Nxe4 5. Nxe4 d5 6. Bxd5 Qxd5 7. d3 Be7 8. 0-0 0-0 9. Nc3 Qa5 10. Bd2 Bg4 11. h3 Bh5 12. g4 Bg6 13. Nh4 Bxh4 0-1

[Event "IECC P email"]
[Site "IECC email"]
[Date "1998.07.04"]
[Round "?"]
[White "Kaczmarek, Michal"]
[Black "Ostrovskij, Jori"]
[Result "1/2-1/2"]
[WhiteElo "1176"]
[BlackElo "1262"]
[PlyCount "65"]
[EventDate "1998.??.??"]
[EventType "tourn (corr)"]
[EventRounds "6"]
[SourceTitle "Corr 2008"]
[Source "ChessBase"]
[SourceDate "2008.06.24"]
[SourceVersion "1"]
[SourceVersionDate "2008.06.24"]
[SourceQuality "1"]

1. e4 c5 2. Nf3 e6 3. d4 cxd4 4. Nxd4 Nc6 5. Nc3 d6 6. Bb5 Bd7 7. 0-0 Nf6 8. Re1 Be7 9. Bg5 0-0 10. a3 Rc8 11. Bxc6 Bxc6 12. e5 dxe5 13. Rxe5 Qd6 14. Nxc6 Rxc6 15. Bf4 Qxd1+ 16. Rxd1 Rd6 17. Ree1 Rxd1 18. Rxd1 Rd8 19. Rxd8+ Bxd8 20. Nb5 a6 21. Nd6 Bc7 22. g3 b5 23. Nb7 Bxf4 24. gxf4 Nd5 25. b4 Nxf4 26. Nc5 Ne2+ 27. Kf1 Nd4 28. c3 Nc2 29. Nxa6 Nxa3 30. Ke2 Nc4 31. Nc7 Nd6 32. Kd3 e5 33. f3 1/2-1/2

[Event "IECC P email"]
[Site "IECC email"]
[Date "1998.04.25"]
[Round "?"]
[White "Ostrovskij, Jori"]
[Black "Hilgert, Dieter"]
[Result "0-1"]
[WhiteElo "1308"]
[BlackElo "1429"]
[PlyCount "38"]
[EventDate "1998.??.??"]
[EventType "tourn (corr)"]
[EventRounds "6"]
[SourceTitle "Corr 2008"]
[Source "ChessBase"]
[SourceDate "2008.06.24"]
[SourceVersion "1"]
[SourceVersionDate "2008.06.24"]
[SourceQuality "1"]

1. d4 Nf6 2. Bf4 d5 3. Nf3 e6 4. c3 Be7 5. Nbd2 Nbd7 6. Qc2 Nh5 7. Bg3 0-0 8. e4 f5 9. exf5 exf5 10. h3 Nxg3 11. fxg3 Nf6 12. Ne5 Ne4 13. Nxe4 fxe4 14. Be2 Bd6 15. c4 c5 16. cxd5 cxd4 17. Qxe4 Qa5+ 18. Kd1 Qa4+ 19. b3 Qe8 0-1

[Event "IECC CL6-1998.06"]
[Site "IECC email"]
[Date "1998.04.25"]
[Round "?"]
[White "Seguin, Marc"]
[Black "Ostrovskij, Jori"]
[Result "1-0"]
[WhiteElo "1200"]
[BlackElo "1339"]
[PlyCount "35"]
[EventDate "1998.??.??"]
[EventType "tourn (corr)"]
[EventRounds "4"]
[SourceTitle "Corr 2008"]
[Source "ChessBase"]
[SourceDate "2008.06.24"]
[SourceVersion "1"]
[SourceVersionDate "2008.06.24"]
[SourceQuality "1"]

1. d4 d5 2. c4 e6 3. cxd5 exd5 4. Nc3 c6 5. Nf3 Nf6 6. e4 dxe4 7. Qe2 Qe7 8. d5 exf3 9. gxf3 Nxd5 10. Be3 Nxc3 11. bxc3 Qe5 12. f4 Qe6 13. Rg1 Na6 14. Rd1 Nc7 15. Rg5 Bd6 16. Rxd6 Qe7 17. Re5 Be6 18. Bc5 1-0